La opacidad del paisaje: formas, imágenes y tiempos educativos
Guardado en:
| Autor principal: | |
|---|---|
| Formato: | Libro |
| Lenguaje: | español portugués |
| Publicado: |
Porto Alegre
Imprensa Livre
2013
|
| Edición: | 1a. ed |
| Colección: | Geografia e Educacao
|
| Materias: | |
| Etiquetas: |
Agregar Etiqueta
Sin Etiquetas, Sea el primero en etiquetar este registro!
|
MARC
| LEADER | 00000cam a2200000 a 4500 | ||
|---|---|---|---|
| 001 | UCE1524 | ||
| 003 | CL-VaPUC | ||
| 008 | 140502e20130000bl |||||||||||||||||spa|d | ||
| 020 | |a 9788576973577 | ||
| 041 | 0 | 7 | |a spa |2 CL-VaPUC |
| 041 | 0 | 7 | |a por |2 CL-VaPUC |
| 082 | 0 | 4 | |a 910.7 |b GAR |2 21 |
| 100 | |a Garrido Pereira, Marcelo |e author |9 573878 | ||
| 245 | 1 | 3 | |a La opacidad del paisaje: formas, imágenes y tiempos educativos |
| 246 | 1 | 2 | |a A opacidade da Paisagem: formas, imagens e tempo de ensino |
| 250 | |a 1a. ed | ||
| 300 | |a 248 p | ||
| 942 | |c BK | ||
| 945 | |d 20140502 10:02:00 |a dcastane | ||
| 260 | |a Porto Alegre |b Imprensa Livre |c 2013 | ||
| 650 | 0 | |a Geografía |9 259346 | |
| 650 | 0 | |a Geografía humana |9 267193 | |
| 650 | 7 | |a PAISAJE |2 CL-VaPUC |9 262794 | |
| 650 | 0 | |a Métodos de enseñanza |9 270413 | |
| 583 | |a last modification |c 20140502 10:02:00 |k Rodrigo Vera | ||
| 490 | 0 | |a Geografia e Educacao | |
| 999 | |c 355300 |d 355298 | ||
| 952 | |0 0 |1 0 |3 erb |4 0 |6 910_700000000000000_GAR_2013 |7 0 |8 A |9 461962 |a BIBING |b BIBING |i 5070686 |o 910.7 GAR 2013 |p 5070686 |r 2025-01-20 |w 2019-11-23 |y BK |z Catalogado en:20140502 |k GEO | ||